Texto ilustrado e interactivo de Biología Molecular e Ingeniería Genética. Conceptos, técnicas y aplicaciones en ciencias de la salud
সংরক্ষণ করুন:
| প্রধান লেখক: | |
|---|---|
| বিন্যাস: | গ্রন্থ |
| ভাষা: | স্প্যানিশ |
| প্রকাশিত: |
Barcelona, España
Elsevier
2012
|
| সংস্করন: | 2a. edición |
| বিষয়গুলি: | |
| অনলাইন ব্যবহার করুন: | Disponible Online |
| ট্যাগগুলো: |
ট্যাগ যুক্ত করুন
কোনো ট্যাগ নেই, প্রথমজন হিসাবে ট্যাগ করুন!
|
MARC
| LEADER | 00000cam a2200000 a 4500 | ||
|---|---|---|---|
| 001 | UCC2178 | ||
| 003 | CL-VaPUC | ||
| 005 | 20241203103255.0 | ||
| 008 | 180114e20120000sp |||||||||||||||||spa|d | ||
| 999 | |c 370431 |d 370429 | ||
| 020 | |a 9788480866477 | ||
| 040 | |c Pontificia Universidad Católica de Valparaíso | ||
| 082 | 0 | 4 | |a 572.8 HER 2012 |2 21 |
| 100 | |a Herráez Sánchez, Ángel |e author |9 536065 | ||
| 245 | 1 | 0 | |a Texto ilustrado e interactivo de Biología Molecular e Ingeniería Genética. |b Conceptos, técnicas y aplicaciones en ciencias de la salud |
| 250 | |a 2a. edición | ||
| 260 | |a Barcelona, España |b Elsevier |c 2012 | ||
| 300 | |a 512 páginas | ||
| 583 | |a last modification |c 20180114 20:51:00 |k Rodrigo Vera | ||
| 650 | 0 | |a Biología molecular |x Ingeniería genética |9 269677 | |
| 650 | 0 | |a Ácidos nucleicos |x Nucleósidos |x Nucleótidos |9 263020 | |
| 650 | 0 | |a Ciclo celular |x Mitosis |x Meiosis |2 CL-VaPUC |9 451091 | |
| 650 | 0 | |a Enzimología |x Biomoléculas |9 306892 | |
| 650 | 0 | |a Enfermedades hereditarias |9 893027 | |
| 852 | |a BIBCUR | ||
| 856 | |u http://bibliografiadigital.pucv.cl.pucv.idm.oclc.org/index.php/bibliotecapucv/catalog/book/580 |y Disponible Online | ||
| 942 | |c BK |2 ddc | ||
| 945 | |d 20180114 20:51:00 |a dcastane | ||
| 952 | |0 0 |1 0 |2 ddc |3 erb |4 0 |6 572_800000000000000_HER_2012 |7 0 |8 A |9 486905 |a BIBCUR |b BIBCUR |i 5447127 |o 572.8 HER 2012 |p 5447127 |r 2025-04-22 |t 1 |w 2019-11-24 |y BK |z Catalogado en:20180114 |k BIO | ||
| 952 | |0 0 |1 0 |2 ddc |3 erb |4 0 |6 572_800000000000000_HER_2012 |7 0 |8 A |9 486906 |a BIBCUR |b BIBCUR |i 5447119 |l 2 |o 572.8 HER 2012 |p 5447119 |r 2025-04-22 |s 2023-11-14 |t 2 |w 2019-11-24 |y BK |z Catalogado en:20180114 |k BIO | ||
| 952 | |0 0 |1 0 |2 ddc |3 erb |4 0 |6 572_800000000000000_HER_2012 |7 0 |8 A |9 486907 |a BIBCUR |b BIBCUR |i 5447003 |o 572.8 HER 2012 |p 5447003 |r 2025-04-22 |t 3 |w 2019-11-24 |y BK |z Catalogado en:20180114 |k BIO | ||
| 952 | |0 0 |1 0 |2 ddc |3 erb |4 0 |6 572_800000000000000_HER_2012 |7 0 |8 A |9 486908 |a BIBCUR |b BIBCUR |i 5471389 |o 572.8 HER 2012 |p 5471389 |r 2025-04-22 |t 4 |w 2019-11-24 |y BK |z Catalogado en:20180527 |k TEM | ||
| 952 | |0 0 |1 0 |2 ddc |3 erb |4 0 |6 572_800000000000000_HER_2012 |7 0 |8 A |9 486909 |a BIBCUR |b BIBCUR |i 5471370 |l 1 |o 572.8 HER 2012 |p 5471370 |r 2025-04-22 |s 2023-07-05 |t 5 |w 2019-11-24 |y BK |z Catalogado en:20180527 |k TEM | ||
| 952 | |0 0 |1 0 |2 ddc |3 erb |4 0 |6 572_800000000000000_HER_2012 |7 0 |8 A |9 486910 |a BIBCUR |b BIBCUR |i 5471362 |l 3 |m 2 |o 572.8 HER 2012 |p 5471362 |r 2025-04-22 |s 2024-06-24 |t 6 |w 2019-11-24 |y BK |z Catalogado en:20180527 |k TEM | ||
| 952 | |0 0 |1 0 |2 ddc |3 erb |4 0 |6 572_800000000000000_HER_2012 |7 0 |8 A |9 486911 |a BIBCUR |b BIBCUR |d 2019-06-12 |e 17 |g 53253.00 |i 5552362 |o 572.8 HER 2012 |p 5552362 |r 2025-04-22 |t 7 |v 53253.00 |w 2019-11-24 |y BK |z Catalogado en:20190617 |k BIO | ||
| 952 | |0 0 |1 0 |2 ddc |3 erb |4 0 |6 572_800000000000000_HER_2012 |7 0 |8 A |9 486912 |a BIBCUR |b BIBCUR |d 2019-06-12 |e 17 |g 53253.00 |i 5552354 |l 3 |m 1 |o 572.8 HER 2012 |p 5552354 |r 2025-04-22 |s 2023-10-24 |t 8 |v 53253.00 |w 2019-11-24 |y BK |z Catalogado en:20190617 |k BIO | ||
| 952 | |0 0 |1 0 |2 ddc |3 erb |4 0 |6 572_800000000000000_HER_2012 |7 0 |8 A |9 486913 |a BIBCUR |b BIBCUR |d 2019-06-12 |e 17 |g 53253.00 |i 5552346 |o 572.8 HER 2012 |p 5552346 |r 2025-04-22 |t 9 |v 53253.00 |w 2019-11-24 |y BK |z Catalogado en:20190617 |k BIO | ||
| 952 | |0 0 |1 0 |2 ddc |3 erb |4 0 |6 572_800000000000000_HER_2012 |7 0 |8 A |9 486914 |a BIBCUR |b BIBCUR |d 2019-06-12 |e 17 |g 53253.00 |i 5552338 |o 572.8 HER 2012 |p 5552338 |r 2025-04-22 |t 10 |v 53253.00 |w 2019-11-24 |y BK |z Catalogado en:20190617 |k BIO | ||
| 952 | |0 0 |1 0 |2 ddc |3 erb |4 0 |6 572_800000000000000_HER_2012 |7 0 |8 A |9 486915 |a BIBCUR |b BIBCUR |i 5592143 |l 2 |m 1 |o 572.8 HER 2012 |p 5592143 |r 2025-04-22 |s 2024-09-27 |t 11 |w 2019-11-24 |y BK |z Catalogado en:20190628 |k BIO | ||
| 952 | |0 0 |1 0 |2 ddc |3 erb |4 0 |6 572_800000000000000_HER_2012 |7 0 |8 A |9 486916 |a BIBCUR |b BIBCUR |i 5592100 |o 572.8 HER 2012 |p 5592100 |r 2025-04-22 |t 12 |w 2019-11-24 |y BK |z Catalogado en:20190628 |k BIO | ||
| 952 | |0 0 |1 0 |2 ddc |4 0 |6 572_800000000000000_HER_2012 |7 0 |8 A |9 588246 |a BIBCUR |b BIBCUR |c GEN |d 2022-12-15 |e 3 |g 77823.00 |i 5656045 |l 9 |o 572.8 HER 2012 |p 5656045 |r 2025-04-22 |s 2025-01-23 |t 15 |v 77823.00 |w 2022-12-15 |y BK |k TEM | ||
| 952 | |0 0 |1 0 |2 ddc |4 0 |6 572_800000000000000_HER_2012 |7 0 |8 A |9 588247 |a BIBCUR |b BIBCUR |c GEN |d 2022-12-15 |e 3 |g 77823.00 |i 5656044 |l 4 |o 572.8 HER 2012 |p 5656044 |r 2025-05-05 |s 2025-05-05 |t 14 |v 77823.00 |w 2022-12-15 |y BK |k TEM | ||
| 952 | |0 0 |1 0 |2 ddc |4 0 |6 572_800000000000000_HER_2012 |7 0 |8 A |9 588248 |a BIBCUR |b BIBCUR |c GEN |d 2022-12-15 |e 3 |g 77823.00 |i 5656043 |o 572.8 HER 2012 |p 5656043 |r 2025-04-22 |t 13 |v 77823.00 |w 2022-12-15 |y BK |k TEM | ||